000 00519nam a2200193Ia 4500
005 20250326144738.0
008 250326s9999 xx 000 0 und d
037 _aTextbook
040 _aFMSL
_beng
_cFMSL
041 _aeng
_2eng
084 _aX:p74 QO
_qFMSL
100 _aRasmus J
_9750048
245 0 _aEPIC Recession : prelude to global depression
_cRasmus J
260 _aNY
_bNY, Pluto
_c2010
365 _b1595.7
650 _aManagement
942 _cTB
_hX:p74 QO
999 _c1304857
_d1304857